000 00917 a2200241 4500
003 CBULib
005 20250210134434.0
008 250210b |||||||| |||| 00| 0 eng d
020 _a09562478
040 _aCBULib
_bEnglish
_cCBULib
_erda
041 _aeng
050 _aIIED(05)EU/2023/35/2
110 _aInternational Institute for Environment and Development (IIED)
245 _aEnvironment & urbanization : rethinking urbanization and economic development : October 2023 vol 35 number 2
_c/ by International Institute for Environment and Development (IIED)
260 _b International Institute for Environment and Development (IIED) 2023
_c2023
_aLondon,
300 _a[various pages] : illustrations
336 _2rdacontent
_aText |
_btxt
337 _2rdamedia
_aUnmediated |
_bn
338 _2rdacarrier
_aVolume
_bnc
650 _aECONOMIC DEVELOPMENT
650 _aURBANIZATION
942 _2mc
_c029
999 _c86032
_d86032